000 00695nam a2200265Ia 4500
003 OSt
005 20221006142625.0
006 a|||||r|||| 00| 0
007 ta
008 221006b |||||||| |||| 00| 0 eng d
020 _c
_12.50
024 _a6,784
037 _cTextual
040 _aEASL
_cEASL
_beng
041 _2eng
_aeng
082 _aY:1.410r44, K7
100 _aWALES H.G. Quaritch
_995222
245 0 _aIndianization of China and of south east asia
260 _aLondon
_bBernard Quaritch
_c1967
300 _a156p.
_ccm.
490 _v CEL
650 _aCEL
942 _hY:1.410r44, K7
_cTEXL
_2CC
999 _c1074870
_d1074870